The Adaptive organization, anticipation and management of crisis /

Bibliographic Details
Main Author: De Greene, Kenyon B.
Format: Book
Language:English
Published: New York : Wiley, [1982]
Subjects:

MARC

Tag First Indicator Second Indicator Subfields
LEADER 00000pam a2200000 a 4500
001 in00000085926
005 20151008064347.0
008 810811s1982 nyu b 00110 eng
010 |a  81013112  
020 |a 0471082961 
035 |a (OCoLC)07740064 
035 |9 AAK4035AM 
039 0 |a 2  |b 3  |c 3  |d 3  |e 3 
040 |a DLC  |c DLC  |d TXA  |d UtOrBLW 
049 |a TXAM  |c [1672882] 
050 0 0 |a HD31  |b .D36 
082 0 |a 658  |2 19 
100 1 |a De Greene, Kenyon B. 
245 1 4 |a The Adaptive organization, anticipation and management of crisis /  |c Kenyon B. De Greene. 
264 1 |a New York :  |b Wiley,  |c [1982] 
264 4 |c ©1982 
300 |a xvii, 394 pages ;  |c 24 cm. 
336 |a text  |b txt  |2 rdacontent 
337 |a unmediated  |b n  |2 rdamedia 
338 |a volume  |b nc  |2 rdacarrier 
500 |a "A Wiley-Interscience publication." 
500 |a Includes index. 
504 |a Bibliography: pages 373-381. 
650 0 |a Organization. 
650 0 |a Management. 
740 0 |a Management of crisis. 
999 |a MARS 
999 f f |s 72d5f64f-0cc5-3397-b89b-dbe9db8a8650  |i c418bd5f-a085-34fb-bb28-8310652b712b  |t 0 
952 f f |p ric  |a Texas A&M University  |b Rellis Campus  |c Joint Library Facility  |d Remote Storage  |t 0  |e HD31 .D36  |h Library of Congress classification  |i unmediated -- volume  |m A14806123691 
998 f f |a HD31 .D36  |t 0  |l Remote Storage